Civil engineering handbook

Gorde:
Xehetasun bibliografikoak
Egile nagusia: Urquhart, Leonard Church, 1886
Formatua: Liburua
Hizkuntza:English
Argitaratua: New York, McGraw-Hill, 1959
Edizioa:Fourth
Etiketak: Etiketa erantsi
Etiketarik gabe, Izan zaitez lehena erregistro honi etiketa jartzen!

MARC

LEADER 00000nam a2200000Ia 4500
003 000227
005 20221231144005.0
008 140114s1959 nyua 000 ||eng d
040 |c cru CEDI 
082 |a 620.2 U79c 
100 |a Urquhart, Leonard Church, 1886  |9 19654 
245 |a Civil engineering handbook 
250 |a Fourth 
260 |a New York, McGraw-Hill,  |c  1959 
300 |a paginación variada ; ilustraciones 
942 |2 ddc 
999 |c 15265  |d 15265